000 00236nam a22000977a 4500
008 160523b xxu||||| |||| 00| 0 eng d
041 _aeng
080 _a316.77
245 _a20 outstanding SAT essays:
_cCollege board SAT:
942 _2udc
_cBK
999 _c2361
_d2361